Les grands auteurs français du programme / (Record no. 187141)

MARC details
000 -LEADER
campo de control de longitud fija 00953nam a2200241 i 4500
001 - NÚMERO DE CONTROL
campo de control 187141
003 - IDENTIFICADOR DE NÚMERO DE CONTROL
campo de control ES-MaACL
005 - FECHA Y HORA DE LA ÚLTIMA TRANSACCIÓN
campo de control 20250710064923.0
008 - DATOS DE LONGITUD FIJA--INFORMACIÓN GENERAL
campo de control de longitud fija 170424m19631969fr f |||| |dfre d
080 ## - NÚMERO DE LA CLASIFICACIÓN DECIMAL UNIVERSAL
Número de la Clasificación Decimal Universal 821.133.1.09
100 0# - ENTRADA PRINCIPAL--NOMBRE DE PERSONA
Nombre de persona Lagarde, André,
Fechas asociadas al nombre 1912-2001
9 (RLIN) 69555
245 14 - MENCIÓN DEL TÍTULO
Título Les grands auteurs français du programme /
Mención de responsabilidad, etc. André Lagarde, Laurent Michard.
260 ## - PUBLICACIÓN, DISTRIBUCIÓN, ETC.
Lugar de publicación, distribución, etc. Paris :
Nombre del editor, distribuidor, etc. Bordas,
Fecha de publicación, distribución, etc. [1963-1969]
300 ## - DESCRIPCIÓN FÍSICA
Extensión 6 v. :
Otras características físicas lám. col. y n. ;
Dimensiones 22 cm.
490 1# - MENCIÓN DE SERIE
Mención de serie Textes et littérature
500 ## - NOTA GENERAL
Nota general Índices.
505 8# - NOTA DE CONTENIDO CON FORMATO
Nota de contenido con formato Contiene: I ;
Título Moyen Age - II ;
-- XVIe siècle - III ;
-- XVII siècle - IV ;
-- XVIIIe siècle - V ;
-- XIXe siècle - VI ;
-- XXe siècle
650 #4 - PUNTO DE ACCESO ADICIONAL DE MATERIA--TÉRMINO DE MATERIA
Término de materia o nombre geográfico como elemento de entrada Literatura francesa-
Subdivisión general Historia y crítica
9 (RLIN) 14586
700 0# - ENTRADA AGREGADA--NOMBRE PERSONAL
Nombre de persona Michard, Laurent,
Fechas asociadas al nombre 1915-1984
9 (RLIN) 80872
830 0# - PUNTO DE ACCESO ADICIONAL DE SERIE-TÍTULO UNIFORME
Título uniforme Textes et littérature
9 (RLIN) 228508
852 ## - LOCALIZACIÓN
Ubicación ES-MaACL
Número de control de estantería L-31465-70
Nota libre - Enc. cart.
-- . - Donat. Carmen Zumárraga
Holdings
Estatus retirado Estado de pérdida Estado de daño No para préstamo Biblioteca de origen Biblioteca actual Ubicación en estantería Fecha de adquisición Fuente de adquisición Total de préstamos Signatura topográfica completa Código de barras Visto por última vez Precio de reemplazo Tipo de ítem Koha
        Biblioteca del Ateneo de Madrid Biblioteca del Ateneo de Madrid Depósito 2 24/04/2017     L-31465-70 1197438 23/02/2023 23/02/2023 Libro impreso